| 000 | 01830cam a22005174i 4500 | ||
|---|---|---|---|
| 003 | PE-LiUPU | ||
| 005 | 20250731180159.0 | ||
| 008 | 150720s2004 sp a r 001 0 spa d | ||
| 020 | _a9780201629354 | ||
| 035 | _a(Sirsi) i9788478290697 | ||
| 040 |
_aSpMaBN _bspa _cPE-LiUPU _erda _dPE-LiUPU |
||
| 041 | 1 |
_aspa _heng |
|
| 049 | _aPRUA | ||
| 082 | 0 | 4 |
_a515.63 _bM364c _223 |
| 100 | 1 |
_aMarsden, Jerrold E., _eautor. |
|
| 245 | 1 | 0 |
_aCálculo vectorial / _cJerrold E. Marsden, Anthony J. Tromba ; versión en español de Manuel López Mateos. |
| 250 | _aTercera edición. | ||
| 264 | 1 |
_aWilmington, Delaware : _bPearson Addison-Wesley Iberoamericana, _c1991. |
|
| 300 |
_a665 páginas ; _c23 centímetros. |
||
| 336 |
_atext _2rdacontent |
||
| 337 |
_aunmediated _2rdamedia |
||
| 338 |
_avolume _2rdacarrier |
||
| 505 | 0 | _aLa geometría del espacio euclidiano -- Diferenciación -- Funciones con valores vectoriales -- Derivadas de orden superior; máximos y mínimos -- Integrales dobles -- Integral triple, fórmula de cambio de variables y aplicaciones -- Integrales sobre trayectorias y superficies -- Teoremas integrales del análisis vectorial. | |
| 526 | _aSEG44 | ||
| 526 | _aSEG26 | ||
| 526 | _aP159 | ||
| 526 | _aP155 | ||
| 526 | _aP154 | ||
| 526 | _aP153 | ||
| 526 | _aP150 | ||
| 526 | _aP100 | ||
| 526 | _aP31 | ||
| 526 | _aP30 | ||
| 526 | _aP26 | ||
| 526 | _aP25 | ||
| 526 | _aP24 | ||
| 526 | _aP22 | ||
| 526 | _aP15 | ||
| 526 | _aP10 | ||
| 650 | 1 | 7 |
_aAnálisis vectorial. _2embne |
| 650 | 1 | 4 |
_aAnálisis vectorial _xProblemas, ejercicios, etc. |
| 700 | 1 |
_aTromba, Anthony J., _eautor. |
|
| 700 |
_aLópez Mateos, Manuel, _etraductor. _95188 |
||
| 942 |
_2ddc _cBK |
||
| 980 |
_618226 _aJaime Vilcazán Jefe de Análisis Documental _81 _gALBERTO SANCHEZ Responsable de Automatización |
||
| 999 |
_c62894 _d62893 |
||